000 00667cam a2200241 4500500
005 20260329004823.0
041 _afre
042 _adc
100 1 0 _aEltchaninoff, Michel
_eauthor
245 0 0 _aLes comptes ne sont pas bons
260 _c2021.
500 _a44
690 _aBonheur
690 _aCalcul
690 _aCalcul moral
690 _aGouvernement
690 _aJeremy Bentham
690 _aMorale
690 _aPrix
690 _aUtilité
786 0 _nPhilosophie magazine | 149 | 5 | 2021-05-01 | p. 45-46 | 1951-1787
856 4 1 _uhttps://shs.cairn.info/magazine-philosophie-magazine-2021-5-page-45?lang=fr&redirect-ssocas=7080
999 _c1837622
_d1837622